| 000 | 00353nam a22001337a 4500 | ||
|---|---|---|---|
| 005 | 20250901165813.0 | ||
| 008 | 250327b |||||||| |||| 00| 0 eng d | ||
| 020 | _a9789966224831 | ||
| 050 | _aPL 8704 .M64 2005 | ||
| 245 |
_aMfuko Mtupu na hadithi nyingine _cSaid A. Mohamed |
||
| 260 |
_aNairobi; _bJKF, _c2005. |
||
| 300 |
_a187 p. _c18 cm. |
||
| 942 | _2lcc | ||
| 999 |
_c9432 _d9432 |
||